The oblique light: studies en literary history and biography

Guardat en:
Dades bibliogràfiques
Autor principal: Spiller, Robert E (Autor)
Format: Llibre
Idioma:anglès
Publicat: Nueva York Macmillan 1968
Matèries:
Etiquetes: Afegir etiqueta
Sense etiquetes, Sigues el primer a etiquetar aquest registre!

MARC

LEADER 00000nam a2200000 a 4500
001 UCQ3176
003 CL-VaPUC
008 980817e19680000US |||||||||||||||||eng|d
082 0 4 |a 810.9  |b SPI  |2 21 
100 0 |a Spiller, Robert E  |e author  |9 417208 
245 1 4 |a The oblique light: studies en literary history and biography 
300 |a 279 p 
942 |c BK 
945 |d 19980817 00:00:00  |a crobeson 
260 |a Nueva York  |b Macmillan  |c 1968 
650 0 |a Literatura estadounidense  |9 317168 
650 0 |a Historia y crítica   |9 257407 
583 |a last modification  |c 19980817 00:00:00  |k Rodrigo Vera 
999 |c 273775  |d 273773 
952 |0 0  |1 0  |4 0  |6 810_900000000000000_SPI_1968  |7 0  |8 A  |9 309632  |a BIBEDU  |b BIBEDU  |d 2019-11-20  |i 1452185  |o 810.9 SPI 1968  |p 1452185  |r 2019-11-20  |w 2019-11-20  |y BK  |k LIT